China (Record no. 144683)

MARC details
000 -LEADER
campo de control de longitud fija 00593nam a2200193 4500
001 - NÚMERO DE CONTROL
campo de control 144683
003 - IDENTIFICADOR DE NÚMERO DE CONTROL
campo de control ES-MaACL
007 - CAMPO FIJO DE DESCRIPCIÓN FÍSICA--INFORMACIÓN GENERAL
campo de control de longitud fija t|
008 - DATOS DE LONGITUD FIJA--INFORMACIÓN GENERAL
campo de control de longitud fija 070214s1974 sp r ||||1| spa d
100 1# - ENTRADA PRINCIPAL--NOMBRE DE PERSONA
Nombre de persona Snow, Edgar.
9 (RLIN) 106969
245 10 - MENCIÓN DEL TÍTULO
Título China
Resto del título : la larga revolución /
Mención de responsabilidad, etc. Edgar Snow ; [traductor: Jaime de Ojeda].
260 ## - PUBLICACIÓN, DISTRIBUCIÓN, ETC.
Lugar de publicación, distribución, etc. Madrid :
Nombre del editor, distribuidor, etc. Alianza,
Fecha de publicación, distribución, etc. 1974 (
Fabricante Eosgraf)
300 ## - DESCRIPCIÓN FÍSICA
Extensión 350 p. ;
Dimensiones 18 cm.
490 1# - MENCIÓN DE SERIE
Mención de serie El libro de bolsillo ;
Designación de volumen o secuencia 551
700 1# - ENTRADA AGREGADA--NOMBRE PERSONAL
Nombre de persona Ojeda, Jaime de.
9 (RLIN) 86603
830 03 - PUNTO DE ACCESO ADICIONAL DE SERIE-TÍTULO UNIFORME
Título uniforme El libro de bolsillo
Designación de volumen o secuencia 551
9 (RLIN) 177802
852 ## - LOCALIZACIÓN
Ubicación ES-MaACL
Número de control de estantería E-6716
Sublocalización o colección R.91288
Holdings
Estatus retirado Estado de pérdida Estado de daño No para préstamo Biblioteca de origen Biblioteca actual Ubicación en estantería Fecha de adquisición Fuente de adquisición Total de préstamos Signatura topográfica completa Código de barras Visto por última vez Precio de reemplazo Tipo de ítem Koha
        Biblioteca del Ateneo de Madrid Biblioteca del Ateneo de Madrid Depósito 2 17/01/2008     E-6716 1150853 23/02/2023 23/02/2023 Libro impreso